Music Quiz

Random Music Quiz
Score 0/31 Timer 20:00
0 Plays Today
Year, Director Film/TV Show % Correct
8:35-8:50 (1966, Sergio Leone)The Good, The Bad, and The Ugly
87.4%
0:00-0:20 (1960, John Sturges)Magnificent Seven
86.9%
1:00-1:15 (1974, Mel BrooksBlazing Saddles
81.8%
1:35-1:50 (1959-, Various)Rawhide
76.9%
0:20-0:40 (1964, Sergio Leone)A Fistful of Dollars
75.7%
2:25-2:30 (1933-, Various)The Lone Ranger
69.6%
6:40-6:55 (2010, Joel and Ethan Coen)True Grit
69.6%
6:25-6:40 (1969, Henry Hathaway)True Grit
68.7%
3:30-3:45 (1959-, Various)Bonanza
65.4%
0:40-1:00 (1952, Fred Zinnemann)High Noon
64.5%
4:55-5:15 (1969, George Roy Hill)Butch Cassidy and the Sundance Kid
64.5%
2:10-2:25 (1978-, Various)Dallas
58.4%
6:10-6:25 (1999, John Lasseter)Toy Story 2
56.5%
4:32-4:55 (1969, Sergio Leone)Once Upon A Time In The West
55.6%
5:15-5:35 (1959, John Ford)The Searchers
50.9%
5:50-6:10 (1985, Lawrence Kasdan)Silverado
50.5%
Year, Director Film/TV Show % Correct
5:35-5:50 (1939, John Ford)Stagecoach
50%
4:00-4:20 (1990, Robert Zemeckis)Back to the Future III
47.7%
1:50-2:10 (1959, Howard Hawks)Rio Bravo
45.8%
7:15-7:30 (1953, George Stevens)Shane
45.3%
7:30-7:45 (1993, Kevin Jarre)Tombstone
43.5%
8:00-8:20 (1962, John Ford & Henry Hathaway)How The West Was Won
40.2%
4:20-4:32 (1969, Sam Peckinpah)The Wild Bunch
39.7%
2:55-3:12 (2007, James Mangold)3:10 to Yuma
34.1%
2:30-2:55 (1972, Mark Rydell)The Cowboys
32.7%
6:55-7:15 (1958, William Wyler)The Big Country
31.8%
3:12-3:30 (1994, Lawrence Kasdan)Wyatt Earp
28%
8:20-8:35 (1994, Paul Weiland)City Slickers II: The Legend of Curly's Gold
21.5%
7:45-8:00 (1991, Phil Nibbelink)An American Tail: Fievel Goes West
17.8%
3:45-4:00 (1969, Tom Gries)100 Rifles
8.4%
1:15-1:35 (1949, Lewis Milestone)The Red Pony
5.6%

You're not logged in!

Compare scores with friends on all Sporcle quizzes.
OR
Log In

Sporcle TV

Today on Sporcle TV


Watch our educational content, quiz creation guides, and fun videos on Sporcle TV.

Show Comments

Extras

Top Quizzes Today


Score Distribution

Paid Content

Your Account Isn't Verified!

In order to create a playlist on Sporcle, you need to verify the email address you used during registration. Go to your Sporcle Settings to finish the process.

Report this User

Report this user for behavior that violates our Community Guidelines.

Details: